01270cam a2200265 450000500170000000800410001702000200005802000210007802000210009902000210012002000210014102000210016205000210018310000220020424000340022624501020026025000110036226000570037330000260043050400210045650504130047765000470089070000390093771000280097620220812134753.0 s2000 mx a spa  a9682609895 o.c. a9682603781 (V.1) a968260382X (V.2) a9682603838 (V.3) a9682603951 (V.4) a9682604338 (V.5)04aQC523 bV35 19831 aValkenburgh, Van.1 aBasic electricity.lEspañol10aElectricidad básica c/ Van Valkenburgh, Nooger & Neville INC ; traductor Alfonso Vasseur Walls a1a ed. aMéxico :bCompañia Editorial continental, c1983 a5 v. :bil. ;c23 cm. aIncluye índice0 tV.1. - ¿Qué es la electricidad?. Conductores. Aisladores...tV.2. - Circuítos eléctricos. Ley de Ohm. Resistencia...tV.3. - Circuitos eléctricos de CD y CA, que es la corriente alterna, medidor de CA...tV.4 - Circuitos eléctricos de CA, circuitos eléctricos de CA en serie-RL/RC/LC/R-L-C...tV.5 - Introducción a generadores y motores, el generador elemental, generadores y motores de CD... 7aElectricidad xEstudio y enseñanza2lemb1 aVasseur Walls, Alfonsoetraductor 2 aNooger & Nevilleeautor